00393nam a2200157Ia 4500008004100000020001300041245002700054245005500081260001500136260001600151260000900167300001600176300002500192300001000217500000800227170705s9999 xx 000 0 und d a64401847 aBridge to Terabithia / cKatherine Paterson ; illustrated by Donna Diamond. aNew York : bScholastic, c1977 a163 pages : bcolor illustration ; c19cm. a810